000 00547 a2200133 4500
082 _aMSIT-8
100 _aUmar Hayat Khan Niazi
_999083
245 _aSemantic analysis of micro-blogs
_cUmar Hayat Khan Niazi
260 _aIslamabad
_bNUST School of Electrical Engineering and Computer Science
_c2011.
300 _axi, 49p.
_b:ill,
_c;27cm.+
_eCD-ROM
500 _aSupervisors: Dr. Khalid Latif, Dr. Sharifullah Khan, Dr. Zia ul Qayyum, Mr. Osama Hashmi
856 _uhttp://10.250.8.41:8080/xmlui/handle/123456789/10245
942 _cPR
_kMSIT-8 UMA
_2ddc
999 _c10503
_d10503